000 01244nam a2200325 i 4500
001 bg
946 _c10,00
100 1 _aWinnicki, Stanisław.
245 0 0 _aKodeks zaleceń i praktyk do utrzymania dobrostanu bydła /
_cStanisław Winnicki, Witold Woyke, Ryszard Pleskot ; Instytut Budownictwa, Mechanizacji i Elektryfikacji Rolnictwa ; [oprac. red. Elżbieta Bień].
250 _aWyd. 2 popr.
260 _aWarszawa :
_bIBMER,
_c2007.
300 _a46 s. :
_brys. ;
_c29 cm.
504 _aBibliogr.
650 9 _aBydło
_xhodowla
_xhigiena
650 9 _aObora
_xwyposażenie
650 9 _aHarmonizacja prawa
_zPolska
651 9 _aPolska
_xa Unia Europejska
_xrolnictwo
655 _aInstrukcje
700 1 _aWoyke, Witold.
700 1 _aPleskot, Ryszard.
700 1 _aBień, Elżbieta.
_eOprac.
710 2 _aInstytut Budownictwa, Mechanizacji i Elektryfikacji Rolnictwa (Warszawa).
020 _a8386264926
040 _cBPK
041 0 _apol
044 _aPOL
080 _a636.2.03(438:4-67)(083.1)
942 _cKA
008 s pl f |000 0 pol
999 _c49142
_d49142
856 _uhttp://koha.tu.koszalin.pl/cgi-bin/koha/opac-detail.pl?biblionumber=49142
_yKatalog online BPK